| 000 | 00506nam a22001457a 4500 | ||
|---|---|---|---|
| 008 | 230608b |||||||| |||| 00| 0 eng d | ||
| 040 |
_aNational Science Library _cNational Science Library |
||
| 080 |
_a620.17 _bK9 |
||
| 245 |
_aProceedings of a conference on the science of materials _c/ 17-21 August 1969 |
||
| 260 |
_aNew Zealand: _bNew Zealand Department of Scientific and Industrial Research, _c1969 |
||
| 300 | _a215p. | ||
| 490 |
_aInformation series _v71 |
||
| 650 | _aScience | ||
| 942 |
_2udc _cPR |
||
| 999 |
_c41252 _d41252 |
||